| 000 | nam a22 a 4500 | ||
|---|---|---|---|
| 999 |
_c1336 _d1336 |
||
| 003 | AKMAL | ||
| 005 | 20170509102343.0 | ||
| 008 | 170509s1983 enk| e | 000 0 eng d | ||
| 020 | _a0042970423 | ||
| 040 | _aAKMAL | ||
| 082 | 0 | 0 |
_a297.63 LIN _221 |
| 090 | 0 | 0 |
_a297.63 _bLIN |
| 100 | 1 |
_aLings, Martin _92619 |
|
| 245 | 1 | 0 |
_aMuhammad : _bhis life based on the earliest sources / _cby Martin Lings |
| 260 |
_aLondon : _bAllen & Unwin, _cJan.1983 |
||
| 300 |
_a359p. ; _c25cm |
||
| 600 | 0 | 0 |
_aMuhammad, _cProphet, _d-632 _91135 |
| 650 | 1 | 0 |
_aMuslims _xBiography _zSaudi Arabia _92620 |
| 942 |
_2ddc _cBOOK |
||